Loading...
Monetary policy in India /
| Main Author: | |
|---|---|
| Language: | Undetermined |
| Published: |
N.Delhi :
Amar Prakasan ,
1983.
|
| LEADER | 00444nam a2200133Ia 4500 | ||
|---|---|---|---|
| 001 | 148511 | ||
| 008 | 170722s9999 xx 000 0 und d | ||
| 100 | |a Kumar, B. | ||
| 245 | |a Monetary policy in India / | ||
| 260 | |a N.Delhi : |b Amar Prakasan , |c 1983. | ||
| 300 | |a x+294 |c 21cms | ||
| 942 | |c GEN | ||
| 999 | |c 101787 |d 101787 | ||
| 952 | |0 0 |1 0 |4 0 |6 X_61_200000000000000_M3 |7 0 |8 LC1 |9 143054 |a LIB |b LIB |d 2017-08-12 |h LC1 |o X61.2 M3 |p 190815 |r 2017-08-12 |v 120.00 |w 2017-08-12 |y GEN | ||